Movies Quiz

Random Movies or Animation Quiz

'The' Disney Animated Movies Quiz Stats

 Plays Quiz Updated Nov 3, 2017

Challenge
Share
Tweet
Embed
Score 0/16 Timer 04:00
0 Plays Today
Year Title % Correct
1989The Little Mermaid
75.6%
1994The Lion King
73.2%
2009The Princess and the Frog
54.8%
1981The Fox and the Hound
49.8%
1977The Rescuers
48.1%
1967The Jungle Book
47.3%
1970The Aristocats
46.7%
2000The Emperor's New Groove
39.6%
Year Title % Correct
1990The Rescuers Down Under
37.5%
1996The Hunchback of Notre Dame
36.4%
1963The Sword in the Stone
35.7%
1985The Black Cauldron
27.5%
1986The Great Mouse Detective
24.4%
1944The Three Caballeros
18.2%
1977The Many Adventures of Winnie the Pooh
13.3%
1949The Adventures of Ichabod and Mr. Toad
10.3%

You're not logged in!

Compare scores with friends on all Sporcle quizzes.
OR
Log In

You Might Also Like...

Show Comments

Extras

Top Quizzes Today


Score Distribution

Your Account Isn't Verified!

In order to create a playlist on Sporcle, you need to verify the email address you used during registration. Go to your Sporcle Settings to finish the process.

Report this User

Report this user for behavior that violates our Community Guidelines.

Details: